[Event "2nd Sinquefield Cup 2014"]
[Site "Saint Louis USA"]
[Date "2014.09.03"]
[Round "7.2"]
[White "Carlsen,M"]
[Black "Nakamura,Hi"]
[Result "1-0"]
[WhiteElo "2877"]
[BlackElo "2787"]

1.d4 d5 2.c4 c6 3.Nc3 dxc4 4.e3 b5 5.a4 b4 6.Ne4 Qd5 7.Nd2 c3 8.bxc3 bxc3
9.Nb1 Qa5 10.Qc2 e5 11.Nf3 Na6 12.Nxe5 Nb4 13.Qb3 Be6 14.Bc4 c2 15.Bxe6 Nd3+
16.Ke2 Nxe5 17.dxe5 fxe6 18.Qxe6+ Ne7 19.Nd2 Qd5 20.Qxd5 Nxd5 21.Ne4 Rb8
22.Bd2 Bb4 23.Rhc1 Bxd2 24.Nxd2 Nb4 25.Nf3 Ke7 26.Ne1 Rhd8 27.f4 c5 28.Nxc2 Nd3
29.Rcb1 Nb2 30.Ra2 Nxa4 31.Rxb8 Nc3+ 32.Kf3 Nxa2 33.Rb5 Nb4 34.Nxb4 cxb4
35.Rxb4 Ra8 36.Ke4 a5 37.Ra4 Kf7 38.g4 Ke7 39.f5 h6 40.h4 Kf7 41.e6+ Kf6
42.Rd4 Ke7 43.Rd7+ Kf8 44.e7+ Ke8 45.Rd8+ Rxd8 46.exd8=Q+ Kxd8 47.Kd5 Ke7
48.g5 a4 49.Kc4 hxg5 50.hxg5 Kd6 51.e4 Ke5 52.Kb4  1-0

[Event "2nd Sinquefield Cup 2014"]
[Site "Saint Louis USA"]
[Date "2014.09.06"]
[Round "10.3"]
[White "Nakamura,Hi"]
[Black "Vachier Lagrave,M"]
[Result "1/2-1/2"]
[WhiteElo "2787"]
[BlackElo "2768"]

1.e4 c5 2.Nf3 d6 3.d4 cxd4 4.Nxd4 Nf6 5.Nc3 a6 6.h3 e5 7.Nde2 h5 8.Bg5 Be6
9.Bxf6 Qxf6 10.Nd5 Qd8 11.Nec3 g6 12.Bc4 Bh6 13.O-O O-O 14.Bb3 Nc6 15.Qd3 Rc8
16.Rad1 Nd4 17.Ne2 Nxb3 18.Qxb3 b5 19.a4 b4 20.c3 bxc3 21.Nexc3 Kg7 22.Qb7 a5
23.Qa6 Ra8 24.Qe2 Rc8 25.Qa6 Ra8 26.Qd3 Rc8 27.Nb5 Rc6 28.Qa3 Qd7 29.Rfe1 Bg5
30.Rd3 Rd8 31.Red1 Qb7 32.Rc3 Rd7 33.Rdd3 Bd8 34.Rxc6 Qxc6 35.Rc3 Qa8 36.Nbc7 Bxc7
37.Rxc7 Rxc7 38.Nxc7 Qc6 39.Nxe6+ fxe6 40.g3 Kf7 41.b4 Qxe4 42.b5 Qe1+ 43.Kg2 Qe4+
44.Kh2 Qe2 45.Kg2 Qe4+ 46.Kh2 Qe2 47.Kg2  1/2-1/2

[Event "Baku FIDE Grand Prix 2014"]
[Site "Baku AZE"]
[Date "2014.10.02"]
[Round "1.5"]
[White "Nakamura,Hi"]
[Black "Svidler,P"]
[Result "1/2-1/2"]
[WhiteElo "2764"]
[BlackElo "2732"]

1.e4 e5 2.Nf3 Nc6 3.Bb5 a6 4.Ba4 Nf6 5.O-O Be7 6.d3 d6 7.c3 O-O 8.Re1 Re8
9.Nbd2 Bf8 10.Nf1 h6 11.Ng3 b5 12.Bc2 d5 13.Qe2 Be6 14.h3 d4 15.cxd4 Nxd4
16.Nxd4 Qxd4 17.Qf3 Nd7 18.Ne2 Qc5 19.Nc3 Rad8 20.a3 g6 21.Be3 Qe7 22.b4 c5
23.Reb1 Rc8 24.Bd2 Red8 25.Bb3 Bxb3 26.Rxb3 Qe6 27.Rbb1 Kg7 28.Nd5 Nb6 29.Nxb6 Qxb6
30.Be3 Qe6 31.bxc5 Bxc5 32.a4  1/2-1/2

[Event "Baku FIDE Grand Prix 2014"]
[Site "Baku AZE"]
[Date "2014.10.03"]
[Round "2.1"]
[White "Andreikin,D"]
[Black "Nakamura,Hi"]
[Result "0-1"]
[WhiteElo "2722"]
[BlackElo "2764"]

1.d4 f5 2.Nf3 Nf6 3.g3 g6 4.Bg2 Bg7 5.O-O O-O 6.c3 d6 7.Qb3+ e6 8.Bg5 Qe8
9.Nbd2 Nh5 10.Ne1 h6 11.Be3 g5 12.f4 gxf4 13.Bxf4 Kh8 14.Be3 Nc6 15.Nd3 b6
16.g4 Nf6 17.gxf5 exf5 18.Bf2 Be6 19.Qc2 Bd5 20.Nf3 Be4 21.Qd2 Ne7 22.Bh4 Ng6
23.Bxf6 Rxf6 24.Rf2 c5 25.Raf1 Qe6 26.a3 Rg8 27.Kh1 Kh7 28.Qe3 Re8 29.Qd2 Rg8
30.Qe3 c4 31.Nf4 Nxf4 32.Qxf4 Rg6 33.h3 Bf6 34.Kh2 Be7 35.Bh1 R8g7 36.Rg2 Bg5
37.Qg3 Bc1 38.Rxc1 Rxg3 39.Rxg3 Bxf3 40.Rxg7+ Kxg7 41.Bxf3 Qe3 42.Rg1+ Kf6
43.Bh5 Qd2 44.Rg6+ Ke7 45.Rg7+ Kd8 46.Rg8+ Kc7 47.Rg7+ Kb8 48.Rg8+ Kb7  0-1

[Event "Baku FIDE Grand Prix 2014"]
[Site "Baku AZE"]
[Date "2014.10.05"]
[Round "4.2"]
[White "Grischuk,A"]
[Black "Nakamura,Hi"]
[Result "1/2-1/2"]
[WhiteElo "2797"]
[BlackElo "2764"]

1.Nf3 Nf6 2.c4 g6 3.Nc3 Bg7 4.e4 d6 5.d4 O-O 6.Be2 e5 7.O-O Nc6 8.Be3 Ng4
9.Bg5 f6 10.Bh4 g5 11.Bg3 Nh6 12.dxe5 fxe5 13.h3 g4 14.hxg4 Bxg4 15.Rc1 Bxf3
16.Bxf3 Nd4 17.Bh5 Kh8 18.Nb5 Ne6 19.Rc3 Qe7 20.Na3 Bf6 21.Nc2 Bg5 22.Bh2 Bf4
23.g3 Bg5 24.Bf3 Rf6 25.Bg2 Rg8 26.Ne1 Rfg6 27.Bh3 Bf6 28.Kh1 Ng4 29.Bxg4 Rxg4
30.Nc2 Qe8 31.Rg1 Nd4 32.f3 R4g6 33.Nxd4 exd4 34.Rc2 c5 35.Qd3 Rh6 36.Rgg2 Rh3
37.Rcf2 Qh5 38.Kg1 Be5 39.f4 Bf6 40.Qf3 Qg6 41.Kh1 Qh6 42.Kg1 Qg6 43.Kh1 b6
44.b3 Qh6 45.Kg1 Qg6 46.Kh1 Qh6 47.Kg1 Bh4 48.Kf1 Bf6  1/2-1/2

[Event "Baku FIDE Grand Prix 2014"]
[Site "Baku AZE"]
[Date "2014.10.07"]
[Round "5.5"]
[White "Nakamura,Hi"]
[Black "Dominguez Perez,L"]
[Result "1/2-1/2"]
[WhiteElo "2764"]
[BlackElo "2751"]

1.c4 c5 2.Nf3 Nc6 3.Nc3 e5 4.g3 g6 5.Bg2 Bg7 6.O-O Nge7 7.a3 O-O 8.Rb1 d5
9.cxd5 Nxd5 10.Nxd5 Qxd5 11.d3 Qd6 12.b4 cxb4 13.axb4 Nxb4 14.Ba3 a5 15.Nd2 Be6
16.Nc4 Bxc4 17.dxc4 Qe7 18.Qb3 e4 19.Bxb4 axb4 20.Qxb4 Qxb4 21.Rxb4 f5 22.Rxb7 Rfc8
23.Rc1 Bd4 24.g4 Ra2 25.e3 Bf6 26.gxf5 Bh4 27.Bxe4 Bxf2+ 28.Kh1 gxf5 29.Bxf5 Bxe3
30.Re1 Re8 31.Rxh7 Re5 32.Bb1 Rb2 33.Rh3 Bd4 34.Rd1 Bc5 35.Rg3+ Kf8 36.Rf1+ Ke7
37.Bd3 Rf2 38.Rb1 Kd6 39.Rd1 Kc7 40.Rb1 Kd6 41.Bf1 Rd2 42.Rg8 Ke7 43.Rg4 Kf6
44.Ra1 Bd6 45.h4 Rh5 46.Ra6 Kf5 47.Rg5+ Rxg5 48.Ra5+ Be5 49.hxg5 Rh2+ 50.Kg1 Rh5
51.c5 Rxg5+ 52.Kf2 Ke4 53.Bg2+ Kd4 54.Rb5 Bg3+ 55.Kf3 Rxc5 56.Rxc5 Kxc5  1/2-1/2

[Event "Baku FIDE Grand Prix 2014"]
[Site "Baku AZE"]
[Date "2014.10.08"]
[Round "6.6"]
[White "Tomashevsky,E"]
[Black "Nakamura,Hi"]
[Result "1/2-1/2"]
[WhiteElo "2701"]
[BlackElo "2764"]

1.d4 d5 2.c4 e6 3.Nc3 Be7 4.Nf3 Nf6 5.Bg5 h6 6.Bh4 O-O 7.e3 Ne4 8.Bxe7 Qxe7
9.Qc2 Nxc3 10.Qxc3 dxc4 11.Bxc4 b6 12.Be2 Bb7 13.b4 c5 14.bxc5 bxc5 15.Qa3 Nd7
16.O-O Rfc8 17.Rab1 Bd5 18.Rfc1 Qf8 19.Qa5 cxd4 20.Nxd4 Rxc1+ 21.Rxc1 Rc8
22.Rxc8 Qxc8 23.f3 Qb8 24.a3 Qb6 25.Qxb6 axb6 26.e4 Bb7 27.Bb5 Nc5 28.e5 Kf8
29.Kf2 Ke7 30.g3 f6 31.f4 g5 32.Ke3 gxf4+ 33.Kxf4 Be4 34.g4 Bd3 35.Nc6+ Kf7
36.Bxd3 Nxd3+ 37.Ke4 Nc5+ 38.Kf4 Nd3+ 39.Ke4 Nc5+ 40.Kd4  1/2-1/2

[Event "Baku FIDE Grand Prix 2014"]
[Site "Baku AZE"]
[Date "2014.10.10"]
[Round "8.3"]
[White "Gelfand,B"]
[Black "Nakamura,Hi"]
[Result "1/2-1/2"]
[WhiteElo "2748"]
[BlackElo "2764"]

1.d4 f5 2.g3 Nf6 3.Bg2 g6 4.c4 Bg7 5.Nc3 d6 6.Nf3 O-O 7.O-O c6 8.b3 a5 9.Bb2 Na6
10.Rc1 Bd7 11.Qd2 Rc8 12.Rfd1 b5 13.cxb5 cxb5 14.Ne5 Be8 15.Nd3 Nc7 16.Nf4 Bf7
17.d5 Rb8 18.e4 fxe4 19.Nxe4 Ncxd5 20.Nxd5 Nxd5 21.Bxg7 Kxg7 22.Nxd6 Qxd6
23.Bxd5 Rfd8 24.Qc3+ Qf6 25.Qxf6+ Kxf6 26.Bxf7 Kxf7 27.Rxd8 Rxd8 28.Rc5 Rd2
29.a4 b4 30.Rxa5 Rd3 31.Rb5  1/2-1/2

[Event "Baku FIDE Grand Prix 2014"]
[Site "Baku AZE"]
[Date "2014.10.12"]
[Round "9.4"]
[White "Nakamura,Hi"]
[Black "Kasimdzhanov,R"]
[Result "1-0"]
[WhiteElo "2764"]
[BlackElo "2706"]

1.e4 e5 2.Nf3 Nc6 3.Bb5 Nf6 4.d3 Bc5 5.Bxc6 dxc6 6.h3 Nd7 7.Be3 Bd6 8.Nbd2 O-O
9.O-O Re8 10.c3 c5 11.a3 a5 12.Re1 Nf8 13.d4 cxd4 14.cxd4 exd4 15.Nxd4 Be5
16.N2f3 Bxd4 17.Bxd4 b6 18.Be5 Qxd1 19.Rexd1 Ra7 20.Rac1 c5 21.Rd6 Rb7 22.Bg3 Rxe4
23.Rd8 Bd7 24.Re1  1-0

[Event "Baku FIDE Grand Prix 2014"]
[Site "Baku AZE"]
[Date "2014.10.13"]
[Round "10.3"]
[White "Nakamura,Hi"]
[Black "Mamedyarov,S"]
[Result "1/2-1/2"]
[WhiteElo "2764"]
[BlackElo "2764"]

1.d4 d5 2.c4 c6 3.Nc3 Nf6 4.cxd5 cxd5 5.Bf4 Nc6 6.e3 a6 7.Bd3 Bg4 8.Nge2 e6
9.Rc1 Bd6 10.f3 Bh5 11.O-O Bg6 12.Na4 O-O 13.Bxg6 hxg6 14.Qb3 Na5 15.Qc3 Bxf4
16.Nxf4 Rc8 17.Qb4 Rc4 18.Rxc4 Nxc4 19.Qc3 g5 20.Ne2 g4 21.Nc5 gxf3 22.gxf3 Nh5
23.Nxb7 Qg5+ 24.Kf2 Qh4+ 25.Kg2 Qg5+ 26.Kf2 Qh4+ 27.Kg2 Rb8 28.b3 Qg5+ 29.Kf2 Qh4+
30.Kg2 Qg5+ 31.Kf2 Qh4+  1/2-1/2

[Event "Baku FIDE Grand Prix 2014"]
[Site "Baku AZE"]
[Date "2014.10.14"]
[Round "11.5"]
[White "Radjabov,T"]
[Black "Nakamura,Hi"]
[Result "1/2-1/2"]
[WhiteElo "2726"]
[BlackElo "2764"]

1.d4 Nf6 2.c4 g6 3.Nf3 Bg7 4.g3 O-O 5.Bg2 d6 6.Nc3 Nc6 7.O-O a6 8.e4 Bg4
9.Be3 Nd7 10.Qd2 Bxf3 11.Bxf3 e5 12.d5 Nd4 13.Bg2 c5 14.dxc6 bxc6 15.b4 Qe7
16.Ne2 a5 17.b5 cxb5 18.cxb5 Nxb5 19.a4 Nd4 20.Nxd4 exd4 21.Bxd4 Bxd4 22.Qxd4 Nc5
23.Rad1 Rfd8 24.Rfe1 Rab8 25.e5 dxe5 26.Qxe5 Qxe5 27.Rxd8+ Rxd8 28.Rxe5 Nxa4
29.Rxa5 Rd1+ 30.Bf1 Nc3  1/2-1/2

[Event "Tashkent FIDE GP 2014"]
[Site "Tashkent UZB"]
[Date "2014.10.21"]
[Round "1.3"]
[White "Nakamura,Hi"]
[Black "Jobava,Ba"]
[Result "1-0"]
[WhiteElo "2764"]
[BlackElo "2717"]

1.d4 e6 2.c4 Bb4+ 3.Nd2 Nf6 4.a3 Be7 5.Ngf3 O-O 6.e4 d6 7.Bd3 e5 8.O-O exd4
9.Nxd4 Nc6 10.Nxc6 bxc6 11.Nb3 Re8 12.Na5 Bd7 13.Bf4 Bf8 14.Re1 h6 15.h3 Nh7
16.e5 Ng5 17.b4 dxe5 18.Bxe5 c5 19.h4 cxb4 20.hxg5 Qxg5 21.Be4 Bg4 22.Qb1 Rxe5
23.Bxa8 bxa3 24.Rxe5 Qxe5 25.Nb3 Bf5 26.Qc1 Qb2 27.Nd2 Bb4 28.Ne4 Qxc1+ 29.Rxc1 a5
30.Kf1 Bd7 31.Ke2 Ba4 32.Kd3 Bb3 33.Nc3 a2 34.Ra1  1-0

[Event "Tashkent FIDE GP 2014"]
[Site "Tashkent UZB"]
[Date "2014.10.22"]
[Round "2.6"]
[White "Andreikin,D"]
[Black "Nakamura,Hi"]
[Result "1/2-1/2"]
[WhiteElo "2722"]
[BlackElo "2764"]

1.e4 e5 2.Nf3 Nc6 3.Bb5 a6 4.Ba4 Nf6 5.O-O b5 6.Bb3 Bc5 7.a4 Rb8 8.axb5 axb5
9.Nxe5 Nxe5 10.d4 Bxd4 11.Qxd4 d6 12.f4 Nc6 13.Qc3 Ne7 14.Ra7 c5 15.e5 Nfd5
16.Bxd5 Nxd5 17.Qf3 Qb6 18.Rxf7 Kxf7 19.Qxd5+ Be6 20.Qd1 Bf5 21.Qd5+ Be6
22.Qd1 Bf5 23.Qd5+ Be6 24.Qd1  1/2-1/2

[Event "Tashkent FIDE GP 2014"]
[Site "Tashkent UZB"]
[Date "2014.10.23"]
[Round "3.4"]
[White "Nakamura,Hi"]
[Black "Giri,A"]
[Result "1/2-1/2"]
[WhiteElo "2764"]
[BlackElo "2768"]

1.d4 Nf6 2.c4 e6 3.Nc3 Bb4 4.Qc2 O-O 5.a3 Bxc3+ 6.Qxc3 d5 7.e3 b6 8.Nf3 Ba6
9.b4 Bxc4 10.Bxc4 dxc4 11.Qxc4 Qd5 12.Qxd5 Nxd5 13.Bd2 Nd7 14.Ke2 c5 15.dxc5 bxc5
16.Rhc1 Rfc8 17.Rc2 N5b6 18.Rac1 cxb4 19.axb4 e5 20.e4 f6 21.Be3 Kf7 22.Nd2 Rxc2
23.Rxc2 Rc8 24.Ra2 Rc7 25.Nb3 Ke8 26.Kd3 Nc8 27.f3 Rb7 28.Kc3 Rc7+ 29.Nc5 Ndb6
30.Kb3 Rc6 31.Nd3 Rd6 32.Kc3 Rd7 33.Bc5 Kd8 34.h4 Kc7 35.b5 Kb8 36.Nb4 Kb7
37.Ra1 Nd6 38.Bxd6 Rxd6 39.Nc6 Nc8 40.Na5+ Kb8 41.Nc6+ Kb7 42.Kc2 Rd7 43.Ra6 Rc7
44.Kd3 Rd7+ 45.Ke2 Ka8 46.g4 Rb7 47.Ra5 Nd6 48.b6 Nc8 49.bxa7 Rb6 50.Rc5 Nxa7
51.Nxa7 Kxa7 52.g5 Kb7 53.Kf2 h5 54.gxh6 gxh6 55.f4 Re6 56.Kf3 h5 57.Rd5 Kc7
58.Ke3 Re8 59.Kd3 Kc6 60.fxe5 fxe5 61.Kc4 Rg8 62.Rxe5 Rg4 63.Re6+ Kd7 64.Kd5 Rxh4
65.Rh6 Rg4 66.e5 Ra4 67.Rh7+ Ke8 68.Ke6 Ra6+ 69.Kf5 Rb6 70.Rxh5 Ra6 71.Rg5 Rb6
72.Rg6 Rxg6 73.Kxg6 Ke7 74.Kf5 Kf7 75.e6+ Ke7 76.Ke5 Ke8 77.Kd6 Kd8 78.e7+ Ke8
79.Ke6  1/2-1/2

[Event "Tashkent FIDE GP 2014"]
[Site "Tashkent UZB"]
[Date "2014.10.24"]
[Round "4.6"]
[White "Mamedyarov,S"]
[Black "Nakamura,Hi"]
[Result "1/2-1/2"]
[WhiteElo "2764"]
[BlackElo "2764"]

1.d4 d5 2.c4 e6 3.Nc3 Be7 4.cxd5 exd5 5.Bf4 c6 6.e3 Bf5 7.g4 Be6 8.h4 Nd7
9.h5 Nh6 10.Be2 Nb6 11.Nh3 g5 12.hxg6 hxg6 13.Be5 f6 14.Nf4 fxe5 15.Nxg6 Rg8
16.Nxe7 Qxe7 17.Rxh6 e4 18.a4 Nd7 19.Qb3 Nf6 20.Rc1 Bxg4 21.Rxf6 Qxf6 22.Qxb7 Rd8
23.Qxa7 Rf8 24.Nd1 Bxe2 25.Kxe2 Qd6 26.Rc5 Rb8 27.Qa5 Kd7 28.Qc3 Ra8 29.a5 Rfb8
30.b4 Rb5 31.Rxb5 cxb5 32.Qc5 Rc8 33.Qxb5+ Ke6 34.a6 Ra8  1/2-1/2

[Event "Tashkent FIDE GP 2014"]
[Site "Tashkent UZB"]
[Date "2014.10.26"]
[Round "5.5"]
[White "Nakamura,Hi"]
[Black "Gelfand,B"]
[Result "1-0"]
[WhiteElo "2764"]
[BlackElo "2748"]

1.e4 c5 2.Nf3 d6 3.Bb5+ Bd7 4.Bxd7+ Qxd7 5.O-O Nf6 6.e5 dxe5 7.Nxe5 Qc8 8.Qf3 e6
9.b3 Be7 10.Bb2 Nbd7 11.Nc4 O-O 12.Nc3 Qc7 13.a4 Rad8 14.Rfe1 a6 15.a5 Nb8
16.Na4 Nc6 17.Qg3 Qxg3 18.hxg3 Nd5 19.c3 Rc8 20.Ba3 Na7 21.Ne3 Nxe3 22.dxe3 Rc7
23.Red1 Nb5 24.Bb2 c4 25.bxc4 Nd6 26.Nb6 Ne4 27.Ba3 Nxc3 28.Bxe7 Rxe7 29.Rd3 Ne4
30.Nd7 Rc8 31.f3 Nf6 32.Nb6 Rc5 33.Rd8+ Re8 34.Rxe8+ Nxe8 35.Rd1 Rxa5 36.Rd8 Kf8
37.Rb8 Ra2 38.c5 Rc2 39.e4 f6 40.Rxb7 Kg8 41.Re7 Kf8 42.Rxe6 Nc7 43.Rc6 Nb5
44.Nd5 Nd4 45.Rxa6 Rxc5 46.Ra8+ Kf7 47.Ra7+ Kf8 48.Nf4 Rc6 49.Ra8+ Kf7 50.Rh8 h6
51.Rb8 Rc7 52.Rb6 Ra7 53.Rd6 Nb5 54.Rd5 Rb7 55.Kh2 Na7 56.Rd6 Nc8 57.Rc6 Ne7
58.Ra6 Ng6 59.Nh5 Ne7 60.Nf4 Ng6 61.Nd5 Ne7 62.Ne3 Rc7 63.g4 Rc3 64.Nf1 Rc7
65.Ra3 Rb7 66.Ne3 Rd7 67.Kg3 Rc7 68.Ra5 Rc3 69.Kf2 Rc7 70.Rb5 Ng6 71.Nd5 Ra7
72.Rc5 Ra2+ 73.Kg3 Kg8 74.Rc7 Ra3 75.Rb7 Ra2 76.Rc7 Ra3 77.Rd7 Ra2 78.Ne3 Ne5
79.Rb7 Ra3 80.Nf5 Nf7 81.Kh2 Ra2 82.Re7 Ra8 83.f4 Kf8 84.Rc7 g6 85.Nh4 g5
86.Nf5 gxf4 87.Rc6 Ng5 88.Rxf6+ Kg8 89.e5 Ra2 90.e6 Nf3+ 91.Kh3 Ng1+ 92.Kh4 Rxg2
93.Kh5 Nf3 94.Nxh6+ Kh7 95.Rf7+ Kh8 96.e7 Re2 97.Rxf4  1-0

[Event "Tashkent FIDE GP 2014"]
[Site "Tashkent UZB"]
[Date "2014.10.28"]
[Round "7.2"]
[White "Kasimdzhanov,R"]
[Black "Nakamura,Hi"]
[Result "1/2-1/2"]
[WhiteElo "2706"]
[BlackElo "2764"]

1.d4 f5 2.Nf3 Nf6 3.g3 g6 4.Bg2 Bg7 5.O-O O-O 6.c4 d6 7.Nc3 c6 8.b3 Na6 9.Bb2 Qc7
10.d5 e5 11.dxe6 Bxe6 12.e3 Rad8 13.Ne2 Rfe8 14.Nf4 Bc8 15.Rc1 Nc5 16.b4 Nce4
17.b5 Nc5 18.Qc2 Nfe4 19.Bd4 Qf7 20.Rfd1 Bd7 21.Qb2 Bf8 22.h4 h6 23.Bxc5 Nxc5
24.Qa3 Ne4 25.Qa5 g5 26.bxc6 Bxc6 27.Nd5 b6 28.Qa3 Bg7 29.hxg5 hxg5 30.Nd4 Bxd5
31.cxd5 Bxd4 32.exd4 f4 33.Rc2 Re7 34.Re2 Nf6 35.Rxe7 Qxe7 36.gxf4 Nh5  1/2-1/2

[Event "Tashkent FIDE GP 2014"]
[Site "Tashkent UZB"]
[Date "2014.10.29"]
[Round "8.3"]
[White "Nakamura,Hi"]
[Black "Radjabov,T"]
[Result "1/2-1/2"]
[WhiteElo "2764"]
[BlackElo "2726"]

1.d4 Nf6 2.c4 e6 3.Nf3 d5 4.Nc3 Bb4 5.cxd5 exd5 6.Bg5 h6 7.Bxf6 Qxf6 8.Qb3 c5
9.a3 Bxc3+ 10.Qxc3 Nd7 11.Qe3+ Qe7 12.Qxe7+ Kxe7 13.dxc5 Nxc5 14.Rc1 Kd6
15.Nd4 Bd7 16.f3 Rac8 17.Kd2 Ne6 18.Rxc8 Rxc8 19.Nxe6 fxe6 20.e3 e5 21.Bd3 a5
22.h4 Rc6 23.Rb1 Rb6 24.b4 axb4 25.Rxb4 Rxb4 26.axb4 g5 27.hxg5 hxg5 28.g3 Ke7
29.f4 Kf6 30.Bc2 b6  1/2-1/2

[Event "Tashkent FIDE GP 2014"]
[Site "Tashkent UZB"]
[Date "2014.10.31"]
[Round "9.6"]
[White "Karjakin,Sergey"]
[Black "Nakamura,Hi"]
[Result "1/2-1/2"]
[WhiteElo "2767"]
[BlackElo "2764"]

1.c4 Nf6 2.Nc3 g6 3.d4 Bg7 4.e4 d6 5.Nf3 O-O 6.h3 e5 7.d5 Nh5 8.g3 Na6 9.Be3 f5
10.exf5 gxf5 11.Ng5 Qe8 12.Be2 Nf6 13.Qd2 Qg6 14.O-O-O Bd7 15.h4 Ng4 16.h5 Qe8
17.Bxg4 fxg4 18.Qe2 h6 19.Nge4 Qf7 20.a3 Bf5 21.Rh4 Qd7 22.Qd2 Kh7 23.Qc2 Kh8
24.Qd2 Kh7 25.Qc2 Kh8 26.Qd2  1/2-1/2

[Event "Tashkent FIDE GP 2014"]
[Site "Tashkent UZB"]
[Date "2014.11.01"]
[Round "10.1"]
[White "Nakamura,Hi"]
[Black "Jakovenko,D"]
[Result "1/2-1/2"]
[WhiteElo "2764"]
[BlackElo "2747"]

1.d4 Nf6 2.c4 e6 3.Nf3 d5 4.Nc3 Be7 5.Bg5 h6 6.Bh4 O-O 7.e3 Ne4 8.Bxe7 Qxe7
9.cxd5 Nxc3 10.bxc3 exd5 11.Bd3 c5 12.O-O Nc6 13.Re1 Be6 14.e4 dxe4 15.Bxe4 cxd4
16.Bxc6 bxc6 17.Nxd4 Qc5 18.Nxe6 fxe6 19.Re3 Rf6 20.Qe2 Raf8 21.Rf1 Kh8 22.g3 Rd8
23.Rxe6 Rxe6 24.Qxe6 Qxc3 25.Qe7 Qd4 26.Rc1 Rb8 27.Qf7 a5 28.Qf5 Qd2 29.Rc2 Qd1+
30.Kg2 Rb1 31.Qf8+ Kh7 32.Qf5+ Kh8 33.Qf8+ Kh7 34.Qf5+  1/2-1/2

[Event "Tashkent FIDE GP 2014"]
[Site "Tashkent UZB"]
[Date "2014.11.02"]
[Round "11.3"]
[White "Vachier Lagrave,M"]
[Black "Nakamura,Hi"]
[Result "1/2-1/2"]
[WhiteElo "2757"]
[BlackElo "2764"]

1.e4 e5 2.Nf3 Nc6 3.Bb5 a6 4.Ba4 Nf6 5.O-O b5 6.Bb3 Bc5 7.a4 Rb8 8.axb5 axb5
9.Nxe5 Nxe5 10.d4 Bxd4 11.Qxd4 d6 12.f4 Nc6 13.Qc3 Ne7 14.Qd3 O-O 15.Nc3 b4
16.e5 Bf5 17.Qe2 Nd7 18.Na4 dxe5 19.Be3 Ra8 20.Rad1 Qe8 21.Nc5 Ra5 22.Nb7 Ra8
23.fxe5 Kh8 24.Nd6 cxd6 25.exd6 Bg6 26.dxe7 Qxe7 27.Qf2 Rac8 28.Rd5 Rfe8
29.Bd4 f6 30.Ba4 Red8  1/2-1/2

[Event "Nakamura vs Aronian Blitz"]
[Site "Saint Louis USA"]
[Date "2014.11.25"]
[Round "8"]
[White "Aronian,L"]
[Black "Nakamura,Hi"]
[Result "1/2-1/2"]
[WhiteElo "2797"]
[BlackElo "2767"]

1.c4 e5 2.Nc3 Bb4 3.Nd5 a5 4.a3 Be7 5.d4 exd4 6.Nf3 Nf6 7.Nxe7 Qxe7 8.Nxd4 O-O
9.e3 d5 10.cxd5 Nxd5 11.Be2 Rd8 12.Qc2 c5 13.Nb5 Nc6 14.O-O Nf6 15.f3 Be6
16.e4 b6 17.Bg5 h6 18.Bh4 a4 19.Rae1 Rd7 20.Qc1 g5 21.Bf2 Rad8 22.Nc3 Nd4
23.Nxa4 Qd6 24.e5 Qc6 25.exf6 Nxe2+ 26.Rxe2 Qxa4 27.Re4 Qb3 28.Re3 Qa4 29.b3 Bxb3
30.Qb1 Bc4 31.Rfe1 Rd1 32.Qxb6 Kh7 33.h4 gxh4 34.Qxc5 Qc2 35.Re4 Rxe1+ 36.Bxe1 Rg8
37.Bf2 h3 38.Qf5+ Rg6 39.Qxh3 Bd5 40.Re1 Rxf6 41.Qh4 Rg6 42.Qf4 Qb3 43.Re3 Qb1+
44.Kh2 Qb2 45.Bg3 Qf6 46.Qxf6 Rxf6 47.a4 Ra6 48.Re5 Be6 49.a5 Kg6 50.Bh4 Rc6
51.Be7 Bc4 52.Re3 Re6 53.Rc3 Bf1 54.Bh4 Re2 55.Kg1 Bxg2 56.a6 Ra2 57.a7 Bxf3
58.Rxf3 Rxa7 59.Rf6+ Kg7 60.Rc6 Ra4 61.Bf6+ Kh7 62.Kf2 Re4 63.Rc7 Rf4+ 64.Kg3 Rxf6
65.Rc5 Kg6 66.Rc8 Ra6 67.Rc5 Ra4 68.Rd5 h5 69.Rc5 f6 70.Rd5 Re4 71.Kf3 Rg4
72.Rd8 Kg5 73.Rg8+ Kf5 74.Rh8 Rg5 75.Rh6 Ke6 76.Rh7 Ke5 77.Rh6 Kf5 78.Rh8 Kg6
79.Kf2 Rg4 80.Kf3 Ra4 81.Kg3 Kg5 82.Rg8+ Kf5 83.Rh8 h4+ 84.Kh3 Rf4 85.Re8 Re4
86.Rg8 Ke5 87.Ra8 f5 88.Ra5+ Kf6 89.Ra8 Rg4 90.Ra7 Kg5 91.Rg7+ Kf4 92.Ra7 Rg1
93.Ra8 Rh1+ 94.Kg2 Rb1 95.Kh3 Rh1+ 96.Kg2 Re1 97.Kh3 Kf3 98.Ra3+ Re3 99.Ra4 Kf2+
100.Kh2 h3 101.Ra2+ Re2 102.Ra8 f4 103.Kxh3 f3 104.Ra1 Re1 105.Ra2+ Re2 106.Ra1 Rb2
107.Kh2 Ke2 108.Kg3 Rd2 109.Kh2 Kf2 110.Kh3 Re2 111.Kh2 Rc2 112.Kh3 Rb2 113.Kh2 Rd2
114.Kh3 Rd7 115.Ra2+ Ke3 116.Ra3+ Rd3 117.Ra1 Ke2 118.Kg3 Rd2 119.Kh3 Kf2
120.Kh2 Re2 121.Kh3 Re1 122.Ra2+ Kg1 123.Kg3 Rf1 124.Rh2 Ra1 125.Rf2 Ra3
126.Rxf3 Rxf3+ 127.Kxf3  1/2-1/2

[Event "Nakamura vs Aronian Blitz"]
[Site "Saint Louis USA"]
[Date "2014.11.25"]
[Round "9"]
[White "Nakamura,Hi"]
[Black "Aronian,L"]
[Result "1/2-1/2"]
[WhiteElo "2767"]
[BlackElo "2797"]

1.d4 Nf6 2.Bf4 d6 3.e3 g6 4.Nf3 Bg7 5.h3 O-O 6.Be2 Nc6 7.O-O Nd7 8.Bh2 e5
9.Nc3 exd4 10.Nxd4 Nxd4 11.exd4 Re8 12.Qd2 Nf8 13.Bc4 Be6 14.Bxe6 Nxe6 15.Ne2 Qg5
16.Qd3 Qd5 17.c3 a5 18.Rfd1 a4 19.Nf4 Nxf4 20.Bxf4 Re4 21.Be3 Rae8 22.b3 axb3
23.c4 Qf5 24.axb3 c5 25.Ra5 Bxd4 26.Bxd4 Rxd4 27.Qxd4 cxd4 28.Rxf5 gxf5 29.Rxd4 Re1+
30.Kh2 Rb1 31.Rd3 f4 32.Rxd6 Rxb3 33.Rf6 b5 34.Rxf4 bxc4 35.Rxc4 Kg7 36.Rc5 Kg6
37.h4 h6 38.f3 Rb4 39.Kh3 Ra4 40.h5+ Kg7 41.g3 Rb4 42.f4 Rb3 43.Rc6 Ra3 44.Kg4 Rb3
45.f5 Rb4+ 46.Kh3 f6 47.Rc7+ Kg8 48.Re7 Rb5 49.Kg4 Rb3 50.Kf4 Ra3 51.Re4 Kf7
52.Rb4 Rc3 53.g4 Rc5 54.Ke4 Re5+ 55.Kd4 Re1 56.Kd5 Re5+ 57.Kd6 Re1 58.Rb7+ Kg8
59.Re7 Rg1 60.Ke6 Rxg4 61.Kxf6 Ra4 62.Kg6 Rg4+ 63.Kxh6 Kf8 64.f6 Rg1 65.Ra7 Rg2
66.Rg7 Rxg7 67.fxg7+ Kg8 68.Kg6  1/2-1/2

[Event "Nakamura vs Aronian Blitz"]
[Site "Saint Louis USA"]
[Date "2014.11.25"]
[Round "11"]
[White "Nakamura,Hi"]
[Black "Aronian,L"]
[Result "1-0"]
[WhiteElo "2767"]
[BlackElo "2797"]

1.d4 Nf6 2.Bg5 e6 3.Nd2 c5 4.e4 cxd4 5.e5 h6 6.Bh4 g5 7.Bg3 Nd5 8.h4 gxh4
9.Rxh4 Nc6 10.Ngf3 d6 11.Bb5 Rg8 12.Rxd4 Bd7 13.Bxc6 Bxc6 14.Ne4 Ne3 15.Qd3 Bxe4
16.Qxe3 d5 17.Qb3 Qb6 18.Qxb6 axb6 19.c3 Bc5 20.Rd2 Bxf3 21.gxf3 d4 22.Ke2 dxc3
23.bxc3 Ra4 24.Rh1 Rg6 25.f4 Be7 26.Rb1 Bd8 27.Rbd1 Be7 28.Rd7 Rxa2+ 29.Kf1 f5
30.Rxb7 Rg7 31.Bh4 Bxh4 32.Rxg7 Rxf2+ 33.Kg1 Rxf4 34.Rh7 Bf2+ 35.Kg2 Bc5
36.Ra1 Rg4+ 37.Kf3  1-0

[Event "Nakamura vs Aronian Blitz"]
[Site "Saint Louis USA"]
[Date "2014.11.25"]
[Round "12"]
[White "Aronian,L"]
[Black "Nakamura,Hi"]
[Result "1/2-1/2"]
[WhiteElo "2797"]
[BlackElo "2767"]

1.e4 c5 2.Nf3 e6 3.d3 Nc6 4.g3 d5 5.Nbd2 g6 6.Bg2 Bg7 7.O-O Nge7 8.Re1 O-O
9.c3 b5 10.e5 b4 11.Nb3 c4 12.dxc4 dxc4 13.Nbd4 Rb8 14.Bg5 Qc7 15.Nxc6 Nxc6
16.Bf6 bxc3 17.bxc3 Bb7 18.Ng5 h6 19.Nf3 Ne7 20.Bxg7 Kxg7 21.Qd6 Qxd6 22.exd6 Nf5
23.Ne5 Bxg2 24.Kxg2 Rb5 25.Rad1 Rd8 26.Nxc4 Rc5 27.Re4 Rd5 28.Ree1 Nxd6 29.Rxd5 exd5
30.Nxd6 Rxd6 31.Rd1 Ra6 32.Rxd5 Rxa2  1/2-1/2

[Event "Nakamura vs Aronian Blitz"]
[Site "Saint Louis USA"]
[Date "2014.11.25"]
[Round "13"]
[White "Nakamura,Hi"]
[Black "Aronian,L"]
[Result "1/2-1/2"]
[WhiteElo "2767"]
[BlackElo "2797"]

1.d4 Nf6 2.Bg5 e6 3.Nd2 c5 4.e4 cxd4 5.e5 Qa5 6.Nf3 Ne4 7.Bf4 Nc6 8.a3 Nxd2
9.Bxd2 Qd5 10.c4 Qe4+ 11.Qe2 Qxe2+ 12.Bxe2 d6 13.exd6 Bxd6 14.b4 e5 15.c5 Bc7
16.Bc4 f6 17.O-O Bf5 18.Nh4 Bd7 19.Bd3 O-O 20.b5 Ne7 21.f4 Be6 22.Nf3 Bd5
23.Rfe1 Ng6 24.fxe5 fxe5 25.Ng5 Rae8 26.a4 b6 27.Rac1 Bd8 28.Be4 Bxe4 29.Nxe4 Be7
30.cxb6 axb6 31.Rc6 Ra8 32.Ra1 Rfb8 33.Kf2 Bf8 34.Ke2 Ne7 35.Re6 Nd5 36.Rxe5 Rd8
37.Kd3 Nc3 38.a5 bxa5 39.b6 a4 40.Ng5 Rdb8 41.Re6 Nd5 42.Re5 Nxb6 43.Rb5 Nd7
44.Rxb8 Rxb8 45.Ne6 Ra8 46.Nxf8 Nc5+ 47.Kc2 Nb3 48.Rxa4 Rxa4 49.Kxb3 Ra6
50.Nd7 Re6 51.Kc4 Re2 52.Bf4 Rxg2 53.Kxd4 g5 54.Be3 h6 55.Ke4 Rxh2 56.Kf5 Re2
57.Nf6+ Kf7 58.Ng4 h5 59.Ne5+ Ke8 60.Bxg5  1/2-1/2

[Event "6th LCC Super Rapidplay Open 2014"]
[Site "London ENG"]
[Date "2014.12.06"]
[Round "1.1"]
[White "Nakamura,Hi"]
[Black "Slade,Theodore"]
[Result "1-0"]
[WhiteElo "2775"]
[BlackElo "1869"]

1.b3 e5 2.Bb2 Nc6 3.e3 d6 4.Nf3 g6 5.d4 Bg7 6.dxe5 Nxe5 7.Nxe5 dxe5 8.Qxd8+ Kxd8
9.Bc4 Nh6 10.Nc3 c6 11.O-O-O+ Kc7 12.Ne4 Bf5 13.Ng5 f6 14.Ne6+ Bxe6 15.Bxe6 Rad8
16.Rxd8 Rxd8 17.Rd1 Rxd1+ 18.Kxd1 Kd6 19.Bc4 Ng4 20.Ke2 f5 21.Ba3+ Kd7 22.f3 Nf6
23.Bf7 e4 24.c4 Kc7 25.h3 exf3+ 26.gxf3 Nd7 27.Be6 Bf6 28.Bg8 Bg7 29.Bxh7 Nf8
30.Bg8 b6 31.Be7 Kd7 32.Bh4 Ne6 33.Bf7 Nf8 34.f4 c5 35.Kd3 Bh8 36.Bg5 Bg7
37.h4 Kd6 38.e4 fxe4+ 39.Kxe4 a6 40.f5 gxf5+ 41.Kxf5 Nh7 42.Bf4+ Ke7 43.Bd5 Bf6
44.h5 Bd4 45.h6 b5 46.Bg8 Nf6 47.Bg5 Kf8 48.Bxf6 Kxg8 49.cxb5 axb5 50.Bxd4 cxd4
51.Ke4  1-0

[Event "6th LCC Super Rapidplay Open 2014"]
[Site "London ENG"]
[Date "2014.12.06"]
[Round "2.1"]
[White "Muter,D"]
[Black "Nakamura,Hi"]
[Result "0-1"]
[WhiteElo "2206"]
[BlackElo "2775"]

1.d4 d6 2.Nf3 f5 3.b3 g6 4.Bb2 Bg7 5.g3 Nh6 6.Bg2 Nf7 7.O-O O-O 8.Nbd2 e5
9.dxe5 dxe5 10.e4 Nc6 11.Nc4 f4 12.a4 Be6 13.Qe2 g5 14.h3 g4 15.hxg4 Bxg4
16.gxf4 exf4 17.Bxg7 Kxg7 18.Qd2 Bxf3 19.Qxd8 Raxd8 20.Bxf3 Ng5 21.Bg4 Nd4
22.Na3 f3 23.Kh2 Ne2  0-1